| 000 | 00801nam a22002657a 4500 | ||
|---|---|---|---|
| 001 | BR7315021 | ||
| 003 | BR-BrBNA | ||
| 005 | 20230928084311.0 | ||
| 007 | ta | ||
| 008 | 230509b bl.||||| |||| 00| 0 por d | ||
| 040 |
_aBR-BrBNA _bpor _cBiblioteca Nacional de Agricultura |
||
| 041 | _a(Por) | ||
| 072 |
_aE10; E70 _b0331 |
||
| 090 | _ 0331 BR7315021 | ||
| 100 | 1 | _aBayma, A. da C. | |
| 110 | 1 |
_aMinisterio da Agricultura, Rio de Janeiro, GB (Brasil). Servico de Fomento da Producao Vegetal _96972 |
|
| 245 | 1 | _aIndustria da mamona [Sub-produto; Lubrificante; Economia; Exportacao] | |
| 260 | 3 |
_aRio de Janeiro, GB (Brasil): _c1933. |
|
| 300 | _a29 p. | ||
| 650 | _aMAMONA | ||
| 650 | _aLUBRIFICANTE | ||
| 650 | _aINDUSTRIALIZACAO | ||
| 909 |
_a202309 _bLucia _c55 _dLucia Elande |
||
| 942 | _cBK | ||
| 999 |
_c18026 _d18026 |
||